<?xml version="1.0" encoding="UTF-8"?>
<record
    xmlns:xsi="http://www.w3.org/2001/XMLSchema-instance"
    xsi:schemaLocation="http://www.loc.gov/MARC21/slim http://www.loc.gov/standards/marcxml/schema/MARC21slim.xsd"
    xmlns="http://www.loc.gov/MARC21/slim">

  <leader>02987nam a2200349 i 4500</leader>
  <controlfield tag="001">000031364</controlfield>
  <controlfield tag="003">DO-SdBNP</controlfield>
  <controlfield tag="005">20250804101510.0</controlfield>
  <controlfield tag="007">ta</controlfield>
  <controlfield tag="008">110620s1992    dr ace        000 0 spa d</controlfield>
  <datafield tag="040" ind1=" " ind2=" ">
    <subfield code="a">DO-SdBNP</subfield>
    <subfield code="b">spa</subfield>
    <subfield code="c">BNPHU</subfield>
    <subfield code="e">rda</subfield>
  </datafield>
  <datafield tag="041" ind1=" " ind2=" ">
    <subfield code="a">spa</subfield>
  </datafield>
  <datafield tag="082" ind1=" " ind2=" ">
    <subfield code="a">972.9375</subfield>
    <subfield code="b">B142p</subfield>
    <subfield code="2">22</subfield>
  </datafield>
  <datafield tag="100" ind1="1" ind2=" ">
    <subfield code="a">B&#xE1;ez L&#xF3;pez-Penha, Jos&#xE9; Ram&#xF3;n</subfield>
    <subfield code="9">31200</subfield>
    <subfield code="e">autor</subfield>
    <subfield code="4">aut.</subfield>
  </datafield>
  <datafield tag="245" ind1="1" ind2="0">
    <subfield code="a">Por qu&#xE9; Santo Domingo es as&#xED; /</subfield>
    <subfield code="c">Jos&#xE9; Ram&#xF3;n B&#xE1;ez L&#xF3;pez-Penha ; presentaci&#xF3;n Opinio &#xC1;lvarez Betancourt ; pr&#xF3;logo Eugenio P&#xE9;rez Mont&#xE1;z.</subfield>
  </datafield>
  <datafield tag="264" ind1=" " ind2="1">
    <subfield code="a">Santo Domingo :</subfield>
    <subfield code="b">Fundaci&#xF3;n FALCONBRIDGE,</subfield>
    <subfield code="c">1992.</subfield>
  </datafield>
  <datafield tag="300" ind1=" " ind2=" ">
    <subfield code="a">271 p&#xE1;ginas :</subfield>
    <subfield code="b">ilustraciones, retratos, planos ;</subfield>
    <subfield code="c">29 cm.</subfield>
  </datafield>
  <datafield tag="336" ind1=" " ind2=" ">
    <subfield code="a">texto</subfield>
    <subfield code="b">txt</subfield>
    <subfield code="2">rdacontent</subfield>
  </datafield>
  <datafield tag="337" ind1=" " ind2=" ">
    <subfield code="a">sin mediaci&#xF3;n</subfield>
    <subfield code="b">n</subfield>
    <subfield code="2">rdamedia</subfield>
  </datafield>
  <datafield tag="338" ind1=" " ind2=" ">
    <subfield code="a">volumen</subfield>
    <subfield code="b">nc</subfield>
    <subfield code="2">rdacarrier</subfield>
  </datafield>
  <datafield tag="505" ind1="0" ind2=" ">
    <subfield code="t">Dedicatoria --</subfield>
    <subfield code="t">Presentaci&#xF3;n --</subfield>
    <subfield code="r">Opinio &#xC1;lvarez Betancourt</subfield>
    <subfield code="t">Pr&#xF3;logo --</subfield>
    <subfield code="r">Eugenio P&#xE9;rez Montas --</subfield>
    <subfield code="t">Introducci&#xF3;n --</subfield>
    <subfield code="g">Cap&#xED;tulo I. --</subfield>
    <subfield code="t">Primer asentamiento en La Espa&#xF1;ola. La Navidad --</subfield>
    <subfield code="g"> Cap&#xED;tulo II. -- </subfield>
    <subfield code="t">Segundo asentamiento en La Espa&#xF1;ola. La Isabela --</subfield>
    <subfield code="g">Cap&#xED;tulo III. -- </subfield>
    <subfield code="t">Tercer asentamiento en La Espa&#xF1;ola. La Nueva Isabela --</subfield>
    <subfield code="g">Cap&#xED;tulo IV. --</subfield>
    <subfield code="t">El suelo de Santo Domingo --</subfield>
    <subfield code="g">Cap&#xED;tulo V. -- </subfield>
    <subfield code="t">Alcantarillas coloniales -- </subfield>
    <subfield code="g">Cap&#xED;tulo VI. --</subfield>
    <subfield code="t">El servicio de agua en Santo Domingo --</subfield>
    <subfield code="g">Cap&#xED;tulo VII. --</subfield>
    <subfield code="t">Las murallas y fuertes de Santo Domingo--</subfield>
    <subfield code="g">Cap&#xED;tulo VIII. --</subfield>
    <subfield code="t">Las calles de Santo Domingo intramuros --</subfield>
    <subfield code="g">Cap&#xED;tulo IX. --</subfield>
    <subfield code="t">Modificaciones menores en las calles de Santo Domingo --</subfield>
    <subfield code="g">Cap&#xED;tulo X. --</subfield>
    <subfield code="t">Transformaci&#xF3;n y desarrollo de Santo Domingo intramuros --</subfield>
    <subfield code="g">Cap&#xED;tulo XI. --</subfield>
    <subfield code="t">Oficina T&#xE9;cnica Municipal. Direcci&#xF3;n de obras P&#xFA;blicas Urbanas --</subfield>
    <subfield code="g">Cap&#xED;tulo XII. --</subfield>
    <subfield code="t">Los caminos originales y sus incidencias en la transformaci&#xF3;n y desarrollo de los terrenos que circundan la ciudad intramuros </subfield>
    <subfield code="g">Cap&#xED;tulo XIII. -- </subfield>
    <subfield code="t">Avenida municipal --</subfield>
    <subfield code="g">Cap&#xED;tulo XIV. --</subfield>
    <subfield code="t">Avenida colombina --</subfield>
    <subfield code="g">Cap&#xED;tulo XV. --</subfield>
    <subfield code="t">Condiciones para una propuesta de urbanismo. Ensanche Independencia --</subfield>
    <subfield code="g">Cap&#xED;tulo XVI. --</subfield>
    <subfield code="t">Directrices para el futuro. Una propuesta de urbanismo --</subfield>
    <subfield code="g">Cap&#xED;tulo XVII. --</subfield>
    <subfield code="t">Avenida M&#xE1;ximo G&#xF3;mez --</subfield>
    <subfield code="g">Cap&#xED;tulo XVIII. --</subfield>
    <subfield code="t">Circunvalaci&#xF3;n oeste Fabr&#xE9; Geffard --</subfield>
    <subfield code="g">Cap&#xED;tulo XIX. --</subfield>
    <subfield code="t">El mito de los poderosos --</subfield>
    <subfield code="g">Cap&#xED;tulo XX. --</subfield>
    <subfield code="t">Financiamiento para la construcci&#xF3;n. Vivencias --</subfield>
    <subfield code="g">Cap&#xED;tulo XXI. --</subfield>
    <subfield code="t">El Banco de la Vivienda </subfield>
    <subfield code="t">Bibliograf&#xED;a --</subfield>
    <subfield code="t">Glosario /</subfield>
  </datafield>
  <datafield tag="590" ind1=" " ind2=" ">
    <subfield code="a">Inventariado, 2020/BT</subfield>
  </datafield>
  <datafield tag="650" ind1=" " ind2="4">
    <subfield code="a">Sitios hist&#xF3;ricos</subfield>
    <subfield code="z">Santo Domingo (Rep&#xFA;blica Dominicana{Rpara}</subfield>
    <subfield code="9">57792</subfield>
  </datafield>
  <datafield tag="650" ind1=" " ind2="4">
    <subfield code="a">Calles</subfield>
    <subfield code="z">Santo Domingo (Rep&#xFA;blica Dominicana{Rpara}</subfield>
    <subfield code="9">38892</subfield>
  </datafield>
  <datafield tag="650" ind1=" " ind2="4">
    <subfield code="a">Monumentos hist&#xF3;ricos</subfield>
    <subfield code="z">Santo Domingo (Rep&#xFA;blica Dominicana{Rpara}</subfield>
    <subfield code="9">7717</subfield>
  </datafield>
  <datafield tag="650" ind1=" " ind2="4">
    <subfield code="a">Ciudades y pueblos</subfield>
    <subfield code="z">Rep&#xFA;blica Dominicana</subfield>
    <subfield code="9">784</subfield>
  </datafield>
  <datafield tag="651" ind1=" " ind2="4">
    <subfield code="a">Santo Domingo (Rep&#xFA;blica Dominicana{Rpara}</subfield>
    <subfield code="x">Descripciones Y Viajes</subfield>
    <subfield code="9">7718</subfield>
  </datafield>
  <datafield tag="700" ind1="1" ind2=" ">
    <subfield code="a">&#xC1;lvarez Betancourt, Opinio</subfield>
    <subfield code="9">57793</subfield>
  </datafield>
  <datafield tag="700" ind1="1" ind2=" ">
    <subfield code="a">P&#xE9;rez Mont&#xE1;z, Eugenio,</subfield>
    <subfield code="e">pr&#xF3;l.</subfield>
    <subfield code="9">57794</subfield>
  </datafield>
  <datafield tag="910" ind1=" " ind2=" ">
    <subfield code="a">Validado. Control de calidad EMS</subfield>
  </datafield>
  <datafield tag="942" ind1=" " ind2=" ">
    <subfield code="2">ddc</subfield>
    <subfield code="c">LBS1</subfield>
  </datafield>
  <datafield tag="952" ind1=" " ind2=" ">
    <subfield code="0">0</subfield>
    <subfield code="1">0</subfield>
    <subfield code="5">4</subfield>
    <subfield code="7">0</subfield>
    <subfield code="8">DS</subfield>
    <subfield code="a">GR</subfield>
    <subfield code="b">GR</subfield>
    <subfield code="c">HD</subfield>
    <subfield code="d">2013-04-17</subfield>
    <subfield code="i">LF1</subfield>
    <subfield code="l">0</subfield>
    <subfield code="o">972.9375 B142p</subfield>
    <subfield code="p">31364-30</subfield>
    <subfield code="r">2020-06-25</subfield>
    <subfield code="t">e.3</subfield>
    <subfield code="w">2020-06-25</subfield>
    <subfield code="y">LFDS</subfield>
    <subfield code="Z">Pr&#xE9;stamo en sala</subfield>
  </datafield>
  <datafield tag="952" ind1=" " ind2=" ">
    <subfield code="0">0</subfield>
    <subfield code="1">0</subfield>
    <subfield code="5">4</subfield>
    <subfield code="7">0</subfield>
    <subfield code="8">DS</subfield>
    <subfield code="a">GR</subfield>
    <subfield code="b">GR</subfield>
    <subfield code="c">HD</subfield>
    <subfield code="d">2013-10-02</subfield>
    <subfield code="i">LF1</subfield>
    <subfield code="l">0</subfield>
    <subfield code="o">972.9375 B142p</subfield>
    <subfield code="p">31364-50</subfield>
    <subfield code="r">2020-06-25</subfield>
    <subfield code="t">e.4</subfield>
    <subfield code="w">2020-06-25</subfield>
    <subfield code="y">LFDS</subfield>
    <subfield code="Z">Pr&#xE9;stamo en sala</subfield>
  </datafield>
  <datafield tag="952" ind1=" " ind2=" ">
    <subfield code="0">0</subfield>
    <subfield code="1">0</subfield>
    <subfield code="5">4</subfield>
    <subfield code="7">0</subfield>
    <subfield code="8">DS</subfield>
    <subfield code="a">GR</subfield>
    <subfield code="b">GR</subfield>
    <subfield code="c">HD</subfield>
    <subfield code="d">2019-07-18</subfield>
    <subfield code="i">LF1</subfield>
    <subfield code="l">0</subfield>
    <subfield code="o">972.9375 B142p</subfield>
    <subfield code="p">31364-60</subfield>
    <subfield code="r">2020-06-25</subfield>
    <subfield code="t">e.5</subfield>
    <subfield code="w">2020-06-25</subfield>
    <subfield code="y">LFDS</subfield>
    <subfield code="z">Perteneci&#xF3; a la biblioteca personal de la familia Reyes Duluc.</subfield>
    <subfield code="Z">Pr&#xE9;stamo en sala</subfield>
  </datafield>
  <datafield tag="952" ind1=" " ind2=" ">
    <subfield code="0">0</subfield>
    <subfield code="1">0</subfield>
    <subfield code="7">1</subfield>
    <subfield code="8">PD</subfield>
    <subfield code="a">PD</subfield>
    <subfield code="b">PD</subfield>
    <subfield code="c">HD</subfield>
    <subfield code="d">2011-06-20</subfield>
    <subfield code="i">LF1</subfield>
    <subfield code="l">0</subfield>
    <subfield code="o">972.9375 B142p</subfield>
    <subfield code="p">31364-10</subfield>
    <subfield code="r">2020-06-25</subfield>
    <subfield code="w">2020-06-25</subfield>
    <subfield code="y">LFPD</subfield>
    <subfield code="Z">No se presta</subfield>
  </datafield>
  <datafield tag="952" ind1=" " ind2=" ">
    <subfield code="0">0</subfield>
    <subfield code="1">0</subfield>
    <subfield code="7">1</subfield>
    <subfield code="8">PD</subfield>
    <subfield code="a">PD</subfield>
    <subfield code="b">PD</subfield>
    <subfield code="c">HD</subfield>
    <subfield code="d">2013-04-17</subfield>
    <subfield code="i">LF1</subfield>
    <subfield code="l">0</subfield>
    <subfield code="o">972.9375 B142p</subfield>
    <subfield code="p">31364-20</subfield>
    <subfield code="r">2020-06-25</subfield>
    <subfield code="t">e.2</subfield>
    <subfield code="w">2020-06-25</subfield>
    <subfield code="y">LFPD</subfield>
    <subfield code="Z">No se presta</subfield>
  </datafield>
  <datafield tag="999" ind1=" " ind2=" ">
    <subfield code="c">30856</subfield>
    <subfield code="d">30856</subfield>
  </datafield>
</record>
